| 000 | 00363nam a2200145 i 4500 | ||
|---|---|---|---|
| 001 | bg | ||
| 100 | 1 | _aMOLSKI, Marian | |
| 245 | 0 |
_aZbiór ćwiczeń z programowania w języku ALGOL 1204 / _cMarian Molski. |
|
| 250 | _aWyd.2 popr. | ||
| 260 |
_aBydgoszcz, _c1973. |
||
| 040 | _cBPK | ||
| 041 | _apol | ||
| 942 | _cKS | ||
| 008 | s pl f |000 0 pol | ||
| 999 |
_c26005 _d26005 |
||
| 856 |
_uhttp://koha.tu.koszalin.pl/cgi-bin/koha/opac-detail.pl?biblionumber=26005 _yKatalog online BPK |
||